000 00872nab a2200253 u 4500
001 18103
003 HDC
007 cr bn ---aaaaa
008 210225c20120202xx dr|noo 0 a eng d
040 _aHDC
100 _aAfrilia Suryanis
_eauthor
_917139
245 0 _aIndonesia: MUI Criticizes NU's Plan to Draft Halal Certification / by
_cAfrilia Suryanis
260 _a[No place] :
_b[publisher not identified],
_c2012
336 _atext
_2rdacontent
337 _acomputer
_2rdamedia
338 _aonline resource
_2rdacarrier
650 _aHalal certfication
_99952
650 _ahalal products
_9642
710 _aHalal Focus
856 _zRequest full-text at [email protected]
942 _2lcc
942 _cNEWS
942 _kNWSO 006019
999 _c15419
_d15419